[Event "Geraardsbergen op 28th"]
[Site "Geraardsbergen"]
[Date "2012.08.11"]
[Round "1"]
[White "Verlinden, Dirk"]
[Black "Mannheims, Max"]
[Result "1/2-1/2"]
[WhiteElo "2020"]
[BlackElo "1584"]
[PlyCount "95"]
[EventDate "2012.08.11"]
[EventType "swiss"]
[EventRounds "9"]
[EventCountry "BEL"]
[SourceTitle "EXT 2013"]
[Source "ChessBase"]
[SourceDate "2012.11.22"]
[SourceVersion "1"]
[SourceVersionDate "2012.11.22"]
[SourceQuality "1"]

1. d4 d5 2. Nf3 g6 3. Bf4 Nf6 4. c4 Bg7 5. Nc3 c6 6. e3 0-0 7. Bd3 Bg4 8. h3 Bxf3 9. Qxf3 e6 10. 0-0 a6 11. c5 b5 12. cxb6 Qxb6 13. Na4 Qa5 14. Nc5 Nfd7 15. Bd6 Rc8 16. Nb3 Qd8 17. Rac1 e5 18. Qd1 exd4 19. exd4 Qf6 20. Bg3 a5 21. a4 Na6 22. Bxa6 Rxa6 23. Qd3 Rb6 24. Rc2 Nb8 25. Be5 Qd8 26. Bxg7 Kxg7 27. Nc5 Nd7 28. Qc3 Rb4 29. Nxd7 Qxd7 30. Qc5 Qb7 31. Qxa5 Rxb2 32. Qc5 Rxc2 33. Qxc2 Qb4 34. Rd1 Kg8 35. g3 f6 36. Qe2 Kf7 37. Re1 Rc7 38. Qe8+ Kg7 39. Rc1 Qxa4 40. Qd8 Qa7 41. Qd6 Qb7 42. Kg2 Kf7 43. Kf3 h5 44. Kg2 Rc8 45. Re1 Qc7 46. Qe6+ Kg7 47. Rc1 Qb7 48. Qd6 1/2-1/2